Swahili : Quelle classe grammaticale ? - Statistiques

Statistiques générales
  • Ce quiz a été pris 12 fois
  • Le résultat moyen est 4 sur 5
Statistiques - réponses
Indice Classe % Correct
Êtres animés (singulier) 1
100%
Localisation (proche de) 16
100%
Êtres animés (pluriel) 2
100%
Fruits, indénombrables, objets, augmentatifs, mots d'origine arabe (singulier) 5
100%
Fruits, indénombrables, objets, augmentatifs, mots d'origine arabe (pluriel) 6
100%
Mots d'origine étrangère (singulier) 9
100%
Végétaux, parties du corps, activités humaines (singulier) 3
50%
Concepts, mots d'origine étrangères (pluriel) 10
0%
Concepts (singulier) 11
0%
Végétaux, parties du corps, activités humaines (pluriel) 4
0%
Objets, animaux, diminutifs, langues (singulier) 7
0%
Objets, animaux, diminutifs, langues (pluriel) 8
0%
Aucun quiz correspondant
Distribution des résultats
% des personnes avec chaque résultat
Percentile par nombre de réponses
Votre historique - résultats
Vous n’avez pas pris ce quiz